000 01358cam a2200337 a 4500
001 15734539
005 20091215165633.0
008 090512s2009 enkabe b 001 0 eng
010 _a 2009294674
015 _aGBA8B3933
_2bnb
016 7 _a014765235
_2Uk
020 _a0199552266 (pbk.)
020 _a9780199552269 (pbk.)
035 _a(OCoLC)ocn260204800
040 _aUKM
_cUKM
_dYDXCP
_dBWKUK
_dBWK
_dBWX
_dCDX
_dWAU
_dDLC
042 _alccopycat
050 0 0 _aJZ1318
_b.S74 2009
082 0 4 _a337
_222
_bSTE
100 1 _aSteger, Manfred B.,
_d1961-
_923890
245 1 0 _aGlobalization :
_bA Very Short Introduction /
_cManfred B. Steger.
250 _aFully updated new ed.
260 _aOxford ;
_aNew York :
_bOxford University Press, 2009
_c2009.
300 _a147 p. :
_bill., maps, plans ;
_c18 cm.
440 0 _aVery short introductions
_923891
504 _aIncludes bibliographical references (p. 136-142) and index.
650 0 _aGlobalization.
_923892
653 _bPol
_cMay2011
942 _2ddc
_cBB
999 _c15310
_d15310